A theological introduction to the book of Psalms : (Record no. 3744)

MARC details
000 -LEADER
fixed length control field 00940cam a2200253 a 4500
001 - CONTROL NUMBER
control field 1106421
003 - CONTROL NUMBER IDENTIFIER
control field GBCCL
005 - DATE AND TIME OF LATEST TRANSACTION
control field 20241126110502.0
008 - FIXED-LENGTH DATA ELEMENTS--GENERAL INFORMATION
fixed length control field 930405s1993 tnu b 001 0 eng
010 ## -
-- 93017475
020 ## - INTERNATIONAL STANDARD BOOK NUMBER
International Standard Book Number 0687414687 (recycled, acidfree paper)
040 ## - CATALOGING SOURCE
Original cataloging agency DLC
Transcribing agency DLC
Modifying agency DLC
050 00 -
-- BS1430.5
-- .M35 1993
082 00 - DEWEY DECIMAL CLASSIFICATION NUMBER
Classification number 223.206
Edition information 20
Item number MCC
100 1# - MAIN ENTRY--PERSONAL NAME
Personal name McCann, J. Clinton,
Dates associated with a name 1951-
9 (RLIN) 7561
245 12 - TITLE STATEMENT
Title A theological introduction to the book of Psalms :
Remainder of title the Psalms as Torah /
Statement of responsibility, etc. J. Clinton McCann, Jr.
260 ## - PUBLICATION, DISTRIBUTION, ETC.
Place of publication, distribution, etc. Nashville :
Name of publisher, distributor, etc. Abingdon Press,
Date of publication, distribution, etc. c1993.
300 ## - PHYSICAL DESCRIPTION
Extent 204 p. ;
Dimensions 23 cm.
504 ## - BIBLIOGRAPHY, ETC. NOTE
Bibliography, etc. note Includes bibliographical references (p. 182-194) and index.
650 00 - SUBJECT ADDED ENTRY--TOPICAL TERM
Topical term or geographic name entry element Bible.
Form subdivision Psalms
General subdivision Theology.
9 (RLIN) 7562
906 ## - LOCAL DATA ELEMENT F, LDF (RLIN)
a 7
b cbc
c orignew
d 1
e ocip
f 19
g y-gencatlg
942 ## - ADDED ENTRY ELEMENTS (KOHA)
Source of classification or shelving scheme Dewey Decimal Classification
Koha item type Books
Koha issues (borrowed), all copies 9
Holdings
Withdrawn status Lost status Source of classification or shelving scheme Damaged status Not for loan Home library Current Library Shelving location Date acquired Total checkouts Total renewals Full call number Barcode Date last seen Date last checked out Copy number Price effective from Koha item type
    Dewey Decimal Classification     GRACE BIBLE COLLEGE GRACE BIBLE COLLEGE Biblical Studies 2017-12-06 13 1 223.206 MCC 009980 2026-02-18 2026-02-12 c.1 2017-12-06 Books
© Grace Bible College Library 2025